000 00521nam a2200205Ia 4500
005 20250508165042.0
008 008 250505s9999 xx 000 0 eng d
037 _aTextual
040 _aFEDL
_beng
_cFEDL
041 _aeng
_2eng
084 _a823, HAR
_qFEDL
100 _aHardy Thomas
245 0 _aMayor of Casterbridge
260 _aNew Delhi, India
_bPeacock Books
_c1993
300 _a306p.
365 _aINR
_b40
546 _aMACESE
942 _cTEXL
_h823, HAR
999 _c1392842
_d1392842